000 01016naa a2200265 c 4500
001 46251
003 ES-MaCES
005 20150827131134.0
008 150827s2015 sp ||||| t||||||| ||spa d
040 _aES-MaCES
_bspa
_cES-MaCES
_dES-MaCES
100 1 _916991
_aLópez Sala, Ana
245 1 0 _aInmigración en tiempos de crisis
_b: dinámicas de movilidad emergentes y nuevos impactos sociales
_cAna López Sala, Laura Oso
504 _aBibliografía: p. 23-27
650 4 _928635
_amigración
650 4 _928634
_amigrante
650 4 _927297
_amovilidad social
650 4 _928354
_amovilidad de la mano de obra
650 4 _927102
_acrisis económica
650 4 _926964
_aEspaña
653 1 0 _aCiencias Sociales-Políticas
700 1 _920114
_aOso, Laura
773 0 _983265
_dMadrid Instituto Universitario de estudios sobre migraciones
_o086167
_tMigraciones
_w(ES-MaCES)25925
_gn. 37 (jun. 2015) {55/963 R. 086167} ;p. 9-27
902 _aART Artículo de revista
942 _2CES
_cAR
_h7.0.
999 _c46251
_d46251